| 000 | 00619nam a2200205 a 4500 | ||
|---|---|---|---|
| 005 | 20210219153155.0 | ||
| 008 | 991125n 000 0 u | ||
| 035 | _aUPN01000081881 | ||
| 100 | _aSINGLETON, John | ||
| 222 | _aPEDAGOGIA : REVISTA DE LA UNIVERSIDAD PEDAGOGICA NACIONAL | ||
| 245 | _aImplicaciones de la educación considerada como transmisión cultural | ||
| 300 | _a85-94 | ||
| 362 | _a1988 Vol. 5, no. 16, oct.-dic. | ||
| 653 | 0 | _aANTROPOLOGIA | |
| 653 | 0 | _aCULTURA | |
| 653 | 0 | _aINVESTIGACION EDUCATIVA | |
| 700 | _aCISNEROS PAZ, Erasmo, coaut. | ||
| 904 |
_aAC _b019692 |
||
| 905 | _aArticulo | ||
| 999 |
_c70167 _d70167 |
||